000 00693nam a2200181 a 4500
001 000043846
005 20201002045013.0
008 140507s2003 sp a 000 0 spa d
020 _a8436936825
040 _aDO-SdBNP
_bspa
_cBNPHU
245 0 0 _aCulturas en Contacto Encuentros y Desencuentros. /
_ccoordinadores José Luis García, Ascensión Barañano.
260 _aEspaña, :
_bMinisterio de Eduación, Cultura y Deporte
_bSecretaría de Estado de Cultura,
_c2003.
300 _a283 p. :
_bil. ;
_c24 cm.
500 _aIncluye notas a pie de páginas
504 _aBibliografía p: 267-270
700 1 2 _aGarcía, José Luis
_ecoord.
_971707
700 1 2 _aBarañano, Ascensión
_ecoord.
_971708
999 _c43335
_d43335